00976nam a2200253 a 450000100100000000500170001000800410002702000150006804000250008308200190010810000240012724500610015126000320021230000360024449000500028050400260033060000400035665000600039670000380045683000570049491000370055195201170058899900170070500004125220260305073955.0130902s1984 sp abc 000 0bspa d a8434581663 aDO-SdBNPbspacBNPHU a923.587bB689C1 aCampos, Jorge9349910aBolivar /cJorge Campos; prólogo, Manuel Pérez Vila. aBarcelona :bSalvat,c1984. a197 p. :bil., retrs. ;c20 cm.1 aBiblioteca Salvat de grandes biografíasv21 aBibliografía p: 19710aBolívar, Simón,d1783-18309253 4aJefes de estadozAmérica Del SurxBiografías96785012aPérez Vila, Manueleprol.93569 0aBiblioteca Salvat de grandes biografíasn21967851 aValidado. Control de calidad MFF 001050718MOaGRbGRcHDd2013-12-04iLF1l0o923.587 B689Cp41252-10r2020-06-25w2020-06-25y1ZNo se presta c40742d40742